Demóstenes / (Record no. 44418)

MARC details
000 -LEADER
campo de control de longitud fija 00533nam a2200181 i 4500
001 - NÚMERO DE CONTROL
campo de control 44418
003 - IDENTIFICADOR DE NÚMERO DE CONTROL
campo de control ES-MaACL
005 - FECHA Y HORA DE LA ÚLTIMA TRANSACCIÓN
campo de control 20230906161026.0
007 - CAMPO FIJO DE DESCRIPCIÓN FÍSICA--INFORMACIÓN GENERAL
campo de control de longitud fija t|
008 - DATOS DE LONGITUD FIJA--INFORMACIÓN GENERAL
campo de control de longitud fija 030321s1933 sp |||| |bspa d
100 1# - ENTRADA PRINCIPAL--NOMBRE DE PERSONA
Nombre de persona Clemenceau, Georges.
9 (RLIN) 39169
245 10 - MENCIÓN DEL TÍTULO
Título Demóstenes /
Mención de responsabilidad, etc. por Georges Clemenceau ; traducción por Francisco Susanna.
260 ## - PUBLICACIÓN, DISTRIBUCIÓN, ETC.
Lugar de publicación, distribución, etc. Barcelona :
Nombre del editor, distribuidor, etc. [s.n.,
Fecha de publicación, distribución, etc. 1933] (
Fabricante P. Yuste)
300 ## - DESCRIPCIÓN FÍSICA
Extensión 138 p. ;
Dimensiones 20 cm.
600 04 - PUNTO DE ACCESO ADICIONAL DE MATERIA--NOMBRE DE PERSONA
Nombre de persona Demóstenes.
9 (RLIN) 43670
700 1# - ENTRADA AGREGADA--NOMBRE PERSONAL
Nombre de persona Susanna, Francisco.
9 (RLIN) 108845
852 ## - LOCALIZACIÓN
Ubicación ES-MaACL
Número de control de estantería B-12832
Holdings
Estatus retirado Estado de pérdida Estado de daño No para préstamo Biblioteca de origen Biblioteca actual Ubicación en estantería Fecha de adquisición Fuente de adquisición Total de préstamos Signatura topográfica completa Código de barras Visto por última vez Precio de reemplazo Tipo de ítem Koha
        Biblioteca del Ateneo de Madrid Biblioteca del Ateneo de Madrid Sala Pardo Bazán 17/01/2008     B-12832 1046743 23/02/2023 23/02/2023 Libro impreso